| 000 | 00760nam a2200229 4500 | ||
|---|---|---|---|
| 003 | OSt | ||
| 005 | 20240604074423.0 | ||
| 006 | a | ||
| 008 | 240604b |||||||| |||| 00| 0 eng d | ||
| 020 | _a9716420706 | ||
| 040 |
_aDWCL-Main lib. _cOC |
||
| 082 | _aFil. 941.25 Z13j 1999 | ||
| 100 | _aZAIDE , GREGORIO F. | ||
| 245 | _aJose Rizal : life, works and writings of a genius, writer, scientist and national hero / | ||
| 260 |
_a Quezon City, Philippines : _bAll-Nations Pub. Co., Inc., _cc1999. |
||
| 300 |
_axxxii, _b438 p. ; _c22 cm. |
||
| 504 | _aIncludes bibliographical references and index. | ||
| 650 | _a1. Rizal y Alonzo, Jose. | ||
| 650 | _a2. Heroes–Philippines–Biography. | ||
| 700 | _aGREGORIO F. ZAIDE | ||
| 942 |
_2ddc _n0 _cBK - FIL _kFil. |
||
| 999 |
_c139 _d139 |
||